| 000 | 01039nam a22002775a 4500 | ||
|---|---|---|---|
| 005 | 20201128024030.0 | ||
| 008 | 161201r20142013ii a fr 001 0 eng d | ||
| 020 | _a9789350143797 | ||
| 020 | _a8188458007 | ||
| 040 |
_aEG-ScBUE _beng _cEG-ScBUE _dEG-ScBUE |
||
| 082 | 0 | 4 |
_222 _a621.382 _bSHA |
| 100 | 1 |
_938539 _aSharma, Sanjay. |
|
| 245 | 1 | 0 |
_aAnalog communication systems / _bSanjay Sharma ; edited by Deeksha Sharma & V. Sharma. |
| 250 | _a6th revised ed., Reprint ed. | ||
| 260 |
_aNew Delhi : _bS. K. Kataria & Sons, _c2014. |
||
| 300 |
_a649 p. : _bill. ; _c24 cm. |
||
| 500 | _aReprinted of 2013 ed. | ||
| 500 | _aIndex : p. 647-649. | ||
| 521 | _afor B.E., B.tech, B. Sc (engineering), A.M.I.E. (India), A.M.I.E.E. (London), Grad I.E.T.E. (India), GATE, UPSC., I.E.S., and other various Engg. & Competitive Examinations. | ||
| 650 | 7 |
_2BUEsh _91259 _aTelecommunication systems. |
|
| 651 | _2BUEsh | ||
| 653 |
_bENGELC _cDecember2016 |
||
| 700 |
_aSharma, Deeksha, _eeditor. |
||
| 700 |
_aSharma, V. _eeditor. |
||
| 942 | _2ddc | ||
| 999 |
_c23411 _d23383 |
||